Statistics for Name The Countries That Recognize Both Palestine And Kosovo

Click here to take the quiz!

General Stats

  • This quiz has been taken 36 times
  • The average score is 17 of 48

Answer Stats

Answer% Correct
Turkey
68%
Albania
65%
Saudi Arabia
65%
Afghanistan
61%
Egypt
58%
United Arab Emirates
58%
Yemen
58%
Qatar
55%
Bahrain
52%
Libya
52%
Sweden
52%
Chad
48%
Kuwait
48%
Niger
48%
Bangladesh
45%
Jordan
45%
Poland
45%
Pakistan
42%
Mauritania
39%
Senegal
39%
Colombia
35%
Djibouti
35%
Iceland
35%
Tanzania
35%
Peru
32%
Haiti
29%
Liberia
29%
Maldives
29%
Belize
26%
Costa Rica
26%
Hungary
26%
Antigua and Barbuda
23%
El Salvador
23%
Guinea
23%
Guinea-Bissau
23%
Guyana
23%
Thailand
23%
The Gambia
23%
Benin
19%
Gabon
19%
Honduras
19%
Malawi
19%
Saint Kitts and Nevis
19%
Saint Lucia
19%
Malta
16%
Vanuatu
16%
Eswatini
3%
Mayalsia
0%

Score Distribution

Percentile by Number Answered

Percent of People with Each Score

Your Score History

You have not taken this quiz